Statistics for Famous Football Managers as Players (by Picture)

Click here to take the quiz!

General Stats

  • This quiz has been taken 103 times
  • The average score is 8 of 12

Answer Stats

Answer% Correct
Pep Guardiola
95%
Zinedine Zidane
86%
Mikel Arteta
77%
Diego Simeone
76%
Jürgen Klopp
73%
Thomas Tuchel
67%
Carlo Ancelotti
63%
Mauricio Pochettino
62%
Antonio Conte
52%
Graham Potter
46%
Eddie Howe
38%
Erik ten Hag
28%

Score Distribution

Percentile by Number Answered

Percent of People with Each Score

Your Score History

You have not taken this quiz